MARC

LEADER 00000nam0a2200000 4500
001 175250
005 20231101223221.0
035 |a (RuTPU)RU\TPU\book\190019 
090 |a 175250 
100 |a 20100211d1956 m y0rusy50 ca 
101 0 |a rus 
102 |a RU 
105 |a a z 101zy 
200 1 |a Атомная энергетика  |e доклады иностранных ученых на международной конференции, Женева, 1955 г.  |f Мирное использование атомной энергии, международная конференция 
210 |a Москва  |c Госэнергоиздат  |d 1956 
215 |a с. 726.  |c ил. 
316 |5 63413507: М-133491  |a На титульном листе владельческая подпись: "Бутаков" 
317 |5 63413507: М-133491  |a Поступила в НТБ в 1970 г. в составе книжного собрания профессора ТПИ И. Н. Бутакова 
320 |a Библиогр. в конце ст. 
606 1 |a Атомная энергия  |2 stltpush  |3 (RuTPU)RU\TPU\subj\29677  |9 52955 
606 1 |a Ядерные реакторы  |2 stltpush  |3 (RuTPU)RU\TPU\subj\21616  |9 46573 
610 1 |a электроэнергия 
610 1 |a реакторы на быстрых нейтронах 
610 1 |a реакторы на тепловых нейтронах 
610 1 |a графитовые замедлители 
610 1 |a водяные замедлители 
610 1 |a эксплуатация 
610 1 |a гомогенные реакторы 
610 1 |a электростанции 
610 1 |a владельческая надпись 
610 1 |a библиотека И. Н. Бутакова 
675 |a 621.039  |v 3 
675 |a 621.039.5  |v 3 
712 1 2 |a Мирное использование атомной энергии  |b международная конференция  |e Женева  |f август 1955 г. 
801 1 |a RU  |b 63413507  |c 20100211 
801 2 |a RU  |b 63413507  |c 20190918  |g RCR 
942 |c BK